6 to 1: Country Quiz Stats

 Plays Quiz Updated Jul 2, 2018

Also try: 6 to 1: Capital
Challenge
Share
Tweet
Embed
Score 0/21 Timer 03:00
16 Plays Today
Answer % Correct
Vatican City
92.6%
Denmark
89.8%
Chile
88%
Monaco
87%
Andorra
86.5%
San Marino
85%
Sweden
82.7%
Finland
82.5%
Norway
82.5%
Liechtenstein
80.8%
Malaysia
78%
Answer % Correct
Ecuador
75.8%
Djibouti
70.9%
Russia
64.7%
Malta
63.7%
Dominica
62.5%
Dominican Republic
59.9%
Papua New Guinea
59.3%
Timor-Leste
57.3%
Democratic Republic of the Congo
51.9%
Equatorial Guinea
29%

You're not logged in!

Compare scores with friends on all Sporcle quizzes.
Join for Free
OR
Log In

You Might Also Like...

Show Comments

Extras

Top Quizzes Today


Score Distribution

Your Account Isn't Verified!

In order to create a playlist on Sporcle, you need to verify the email address you used during registration. Go to your Sporcle Settings to finish the process.

Report this User

Report this user for behavior that violates our Community Guidelines.

Details: